00410nam a2200157Ia 450000100040000000500170000400800410002104100080006208200130007010000280008324500880011126000090019930000280020865000080023665400080024483520260306140547.0260306t2016||||xx |||||||||||||| ||spa|| aESP a170bP79 aPossenti, VittorioeAUT 0aLa revolución biopolítica:bla peligrosa alianza entre materialismo y técnica c2016 a233 páginas :c21 cm. aGEN aCHU